000 00675nam a2200217 i 4500
001 bg
245 0 0 _aĆwiczenia laboratoryjne z mechaniki płynów :
_bpraca zbiorowa /
_cpod red. Leona Bogusławskiego ; [skrypt oprac. Leon Bogusławski et al.].
260 _aPoznań :
_bWydaw. Politechniki Poznańskiej,
_c1999.
300 _a103 s. :
_bil. ;
_c24 cm.
504 _aBibliogr.
650 9 _aMechanika płynów
655 _aPodręczniki akademickie
700 1 _aBOGUSŁAWSKI, Leon.
_eRed.
020 _a8371431589
040 _cBPK
041 0 _apl
080 _a532(075.8)
920 _a83-7143-158-9
942 _cKS
008 s pl f |000 0 pol
999 _c37960
_d37960
856 _uhttp://koha.tu.koszalin.pl/cgi-bin/koha/opac-detail.pl?biblionumber=37960
_yKatalog online BPK